Normal view MARC view

Entry Personal Name

Number of records used in: 1

001 - CONTROL NUMBER

  • control field: 1056848

003 - CONTROL NUMBER IDENTIFIER

  • control field: OSt

005 - DATE AND TIME OF LATEST TRANSACTION

  • control field: 20260121165843.0

008 - FIXED-LENGTH DATA ELEMENTS

  • fixed length control field: 260121|| aca||aabn | a|a d

040 ## - CATALOGING SOURCE

  • Original cataloging agency: OSt
  • Transcribing agency: OSt

100 ## - HEADING--PERSONAL NAME

  • Personal name: Tim Güneysu, Gregor Leander, Amir Moradi

670 ## - SOURCE DATA FOUND

  • Source citation: Work cat.: (OSt)1622576: Tim Güneysu, Gregor Leander, Amir Moradi, Lightweight Cryptography for Security and Privacy
Copyright @ Delhi University Library System